| 000 | 00708nam a22002297a 4500 | ||
|---|---|---|---|
| 003 | OSt | ||
| 005 | 20180116192412.0 | ||
| 008 | 121129t1994 xxu||||| |||| 00| 0 eng d | ||
| 020 | _a9781568980102 | ||
| 020 | _a0302006036 | ||
| 020 | _a0302006222 | ||
| 040 | _c0 | ||
| 082 | _a720.1 | ||
| 100 | 1 |
_aKruft, Hanno-Walter _96000 |
|
| 245 | 1 | 1 |
_aA history of architectural theory : _bfrom Vitruvius to the present / _cHanno-Walter Kruf |
| 260 |
_aNew York: _bPrinceton; _c1994. |
||
| 300 |
_a706p. : _bill., maps ; _c23 cm. |
||
| 650 |
_aArchitecture _xHistoriography _96001 |
||
| 650 |
_aArchitecture _xPhilosophy _96002 |
||
| 942 |
_2ddc _cBK |
||
| 999 |
_c353565 _d353565 |
||